Sobre el lenguaje de los antropoides ; investigaciones sobre los rudimentos del lenguaje en los monos superiores / (Record no. 54220)

MARC details
000 -CABECERA
campo de control de longitud fija 00740nam a2200217 a 4500
005 - FECHA Y HORA DE LA ÚLTIMA TRANSACCIÓN
campo de control 20210223123459.0
008 - ELEMENTOS DE LONGITUD FIJA--INFORMACIÓN GENERAL
campo de control de longitud fija 991125s1976 mx 000 0 spa u
020 ## - NÚMERO INTERNACIONAL NORMALIZADO PARA LIBROS
Número Internacional Estándar del Libro 8432302279
035 ## - NÚMERO DE CONTROL DEL SISTEMA
Número de control de sistema UPN01000054220
049 ## - COLECCIÓN
Colección CG
050 #4 - SIGNATURA TOPOGRÁFICA DE LA BIBLIOTECA DEL CONGRESO
Número de clasificación QL776
Número de documento/Ítem S6.48
245 00 - MENCIÓN DE TÍTULO
Título Sobre el lenguaje de los antropoides ; investigaciones sobre los rudimentos del lenguaje en los monos superiores /
Mención de responsabilidad, etc. por R. S. Fouts ... [et al.] ; comp. y tr. Víctor Sánchez Zavala.
260 ## - PUBLICACIÓN, DISTRIBUCIÓN, ETC.
Lugar de publicación, distribución, etc. México :
Nombre del editor, distribuidor, etc. Siglo XXI,
Fecha de publicación, distribución, etc. 1976.
300 ## - DESCRIPCIÓN FÍSICA
Extensión 225 p. :
Otras características físicas il.
440 #0 - MENCIÓN DE SERIE/ASIENTO SECUNDARIO--TÍTULO
Título Ciencia y técnica
650 #4 - ASIENTO SECUNDARIO DE MATERIA - TERMINO TEMATICO
Término de materia o nombre geográfico como elemento de entrada SIMIOS -
Subdivisión general LENGUAJE
650 #4 - ASIENTO SECUNDARIO DE MATERIA - TERMINO TEMATICO
Término de materia o nombre geográfico como elemento de entrada SONIDOS DE ANIMALES
9 (RLIN) 12212
700 1# - ASIENTO SECUNDARIO--NOMBRE DE PERSONAL
Nombre de persona Fouts, R. S.,
Término indicativo de función/relación coaut.
700 1# - ASIENTO SECUNDARIO--NOMBRE DE PERSONAL
Nombre de persona Sánchez Zavala, Víctor,
Término indicativo de función/relación comp.
905 ## - TIPO DE MATERIAL
Tipo de material Libro
Holdings
Estado de retiro Estado de pérdida Fuente del sistema de clasificación o colocación Estado dañado No para préstamo Código de colección Localización permanente Ubicación/localización actual Ubicación en estantería Total de préstamos Clasificación Código de barras Fecha visto por última vez Número de copia Tipo de ítem Koha
    Library of Congress Classification     Colección General Bib. Gregorio Torres Quintero Bib. Gregorio Torres Quintero Planta baja 4 QL776 S6.48 7168 31/12/2020 1 Libro